Culture Générale - Série 1662 - Statistiques

Statistiques générales
  • Ce quiz a été pris 88 fois
  • Le résultat moyen est 4 sur 10
Statistiques - réponses
Question Réponse % Correct
L'interruption accidentelle du courant électrique appelée familièrement "court-jus" est un court-... circuit
96%
En informatique, un F.A.I. est un fournisseur d'accès à... Internet
94%
Dans une maison, qu'appelait-on un "huis" ? porte
44%
Quel personnage, créé par Beaumarchais, désignait autrefois familièrement, un coiffeur ? Figaro
39%
Comment appelle-t-on une personne qui conçoit des grilles de mots-croisés ? verbicruciste
37%
Quel appareil utilisé en athlétisme mesure la vitesse du vent ? anémomètre
35%
Quel mot composé anglais désigne l'assistance téléphonique ou électronique, mise en place par une entreprise pour renseigner et dépanner sa clientèle ? hot-line
33%
Quel nom porte le bâton pastoral de l'évêque ? crosse
32%
Quelle huile minérale naturelle a une étymologie latine signifiant "huile de pierre" ? pétrole
29%
Comment appelle-t-on un pratiquant de deltaplane ? deltiste
8%
Aucun quiz correspondant
Distribution des résultats
% des personnes avec chaque résultat
Percentile par nombre de réponses
Votre historique - résultats
Vous n’avez pas pris ce quiz